000 00275nam a22001337a 4500
008 170622b xxu||||| |||| 00| 0 eng d
020 _a0801822785
041 _aeng
080 _a32
100 _a20
101 _ashp
245 _aYUGOSLAVIA
_cSCHRENK.M
942 _2udc
_cBK
999 _c18607
_d18607